000 00535nam a2200217Ia 4500
003 OSt
005 20221005123311.0
006 a|||||r|||| 00| 0
007 ta
008 221004b |||||||| |||| 00| 0 eng d
024 _a109066
037 _cTextual
040 _aCRL
_cCRL
_beng
041 _2eng
_aeng
082 _aO123,3NPA2, 111N0
100 _aPaz Octavio
245 0 _aLabyrinth of solitude
260 _c1990
942 _hO123,3NPA2, 111N0
_cTEXL
_2cc
999 _c1047000
_d1047000